Managing working with the public / (Record no. 3409)

000 -LEADER
fixed length control field nam a22 7a 4500
005 - DATE AND TIME OF LATEST TRANSACTION
control field 20170522154652.0
008 - FIXED-LENGTH DATA ELEMENTS--GENERAL INFORMATION
fixed length control field 170522b1999 enk||||| |||| 00| 0 eng d
020 ## - INTERNATIONAL STANDARD BOOK NUMBER
International Standard Book Number 0749429739
040 ## - CATALOGING SOURCE
Original cataloging agency AKMAL
082 ## - DEWEY DECIMAL CLASSIFICATION NUMBER
Classification number 658.406 MAN
090 ## - LOCALLY ASSIGNED LC-TYPE CALL NUMBER (OCLC); LOCAL CALL NUMBER (RLIN)
Classification number (OCLC) (R) ; Classification number, CALL (RLIN) (NR) 658.406
Local cutter number (OCLC) ; Book number/undivided call number, CALL (RLIN) MAN
100 10 - MAIN ENTRY--PERSONAL NAME
Personal name Goss, Sue.
9 (RLIN) 6883
245 10 - TITLE STATEMENT
Title Managing working with the public /
Statement of responsibility, etc. Goss, Sue.
260 ## - PUBLICATION, DISTRIBUTION, ETC.
Place of publication, distribution, etc. London :
Name of publisher, distributor, etc. Kogan Page,
Date of publication, distribution, etc. 1999
300 ## - PHYSICAL DESCRIPTION
Extent 160p. ;
Dimensions 24cm
500 ## - GENERAL NOTE
General note Published in association with the Local Government Association and the Improvement and Development Agency.
650 #0 - SUBJECT ADDED ENTRY--TOPICAL TERM
Topical term or geographic name entry element Customer relations
General subdivision Management
9 (RLIN) 6884
650 #0 - SUBJECT ADDED ENTRY--TOPICAL TERM
Topical term or geographic name entry element Public administration.
9 (RLIN) 4050
710 2# - ADDED ENTRY--CORPORATE NAME
Corporate name or jurisdiction name as entry element Local Government Association (England and Wales)
9 (RLIN) 6885
710 2# - ADDED ENTRY--CORPORATE NAME
Corporate name or jurisdiction name as entry element Improvement and Development Agency (Great Britain)
9 (RLIN) 6886
830 #0 - SERIES ADDED ENTRY--UNIFORM TITLE
Uniform title Managing local government series.
9 (RLIN) 6887
942 ## - ADDED ENTRY ELEMENTS (KOHA)
Source of classification or shelving scheme
Koha item type Book
Holdings
Withdrawn status Lost status Source of classification or shelving scheme Damaged status Not for loan Collection code Home library Current library Shelving location Date acquired Inventory number Total Checkouts Full call number Barcode Date last seen Price effective from Koha item type
          NON-FICTION AKMAL Melaka AKMAL Melaka PINJAMAN 22.05.2017 602012   658.406 MAN 201704383 22.05.2017 22.05.2017 Book
Pusat Sumber Maklumat Dato' Haji Sarmin Md Hussin, Akademi Kastam Diraja Malaysia, Melaka
Tel: 06-2331106 | Faks: 06-2313787